|
|
|
|
| LEADER |
00000cam a2200000 7i4500 |
| 001 |
0000003834 |
| 005 |
20070618093000.0 |
| 008 |
021118s1986 |
| 020 |
|
|
|a 0135863228
|
| 090 |
0 |
0 |
|a T58.6
|b .M88 1986
|
| 100 |
0 |
|
|a Murdick, Robert G. ,
|e author
|
| 245 |
0 |
0 |
|a MIS :
|b concepts and design
|c Robert G. Murdick with John C. Munson
|
| 250 |
|
|
|a 2nd ed.
|
| 260 |
2 |
|
|a Englewood Cliffs, NJ :
|b Prentice-Hall ,
|c c1986
|
| 300 |
|
|
|a xii, 691 p. ; ;
|c 25 cm.
|
| 504 |
|
|
|a Includes index
|
| 650 |
|
0 |
|a Management information systems
|
| 700 |
0 |
|
|a Munson, John C. ,
|e author
|
| 999 |
|
|
|a 1000038831
|b Book
|c OPEN SHELF (30 DAYS)
|e Tembila Campus
|